Stratigraphy of the uppermost Triassic and the Jurassic rocks of the Navajo country / (Record no. 29157)
[ view plain ]
| 000 -LEADER | |
|---|---|
| fixed length control field | 01101cam a22002771i 4500 |
| 001 - CONTROL NUMBER | |
| control field | gs 57000182 |
| 003 - CONTROL NUMBER IDENTIFIER | |
| control field | DLC |
| 005 - DATE AND TIME OF LATEST TRANSACTION | |
| control field | 20260227111405.0 |
| 008 - FIXED-LENGTH DATA ELEMENTS--GENERAL INFORMATION | |
| fixed length control field | 780317s1957 dcuabd b f000 0 eng |
| 010 ## - LIBRARY OF CONGRESS CONTROL NUMBER | |
| LC control number | gs 57000182 |
| 035 ## - SYSTEM CONTROL NUMBER | |
| System control number | (OCoLC)3727074 |
| 040 ## - CATALOGING SOURCE | |
| Original cataloging agency | DLC |
| Transcribing agency | OClU |
| Modifying agency | OCoLC |
| -- | DLC |
| 042 ## - AUTHENTICATION CODE | |
| Authentication code | premarc |
| 050 00 - LIBRARY OF CONGRESS CALL NUMBER | |
| Classification number | QE75 |
| Item number | .P9 no. 291 |
| 082 ## - DEWEY DECIMAL CLASSIFICATION NUMBER | |
| Classification number | 551.76 |
| 100 1# - MAIN ENTRY--PERSONAL NAME | |
| Personal name | Harshbarger, J. W. |
| Fuller form of name | (John William), |
| Dates associated with a name | 1914- |
| 245 10 - TITLE STATEMENT | |
| Title | Stratigraphy of the uppermost Triassic and the Jurassic rocks of the Navajo country / |
| Statement of responsibility, etc. | by J. W. Harshbarger, C. A. Repenning, and J. H. Irwin. Prepared in cooperation with the Bureau of Indian Affairs. |
| 260 ## - PUBLICATION, DISTRIBUTION, ETC. | |
| Place of publication, distribution, etc. | Washington : |
| Name of publisher, distributor, etc. | U.S. Govt. Print. Off., |
| Date of publication, distribution, etc. | 1957. |
| 300 ## - PHYSICAL DESCRIPTION | |
| Extent | iv, 74 p. : |
| Other physical details | ill., maps (part col.) diagrs. ; |
| Dimensions | 29 cm. |
| 410 20 - SERIES STATEMENT/ADDED ENTRY--CORPORATE NAME [OBSOLETE, CAN/MARC], [LOCAL, USA] | |
| Corporate name or jurisdiction name as entry element | Geological Survey (U.S.). |
| Title of a work | Professional paper ; |
| Volume number/sequential designation | 291 |
| 500 ## - GENERAL NOTE | |
| General note | Part of illustrative matter fold. in pocket. |
| 504 ## - BIBLIOGRAPHY, ETC. NOTE | |
| Bibliography, etc. note | Bibliography : p. 70-71. |
| 650 #0 - SUBJECT ADDED ENTRY--TOPICAL TERM | |
| Topical term or geographic name entry element | Geology, Stratigraphic |
| Chronological subdivision | Triassic |
| 650 #0 - SUBJECT ADDED ENTRY--TOPICAL TERM | |
| Topical term or geographic name entry element | Geology, Stratigraphic |
| Chronological subdivision | Jurassic |
| 650 #0 - SUBJECT ADDED ENTRY--TOPICAL TERM | |
| Topical term or geographic name entry element | Geology |
| Geographic subdivision | United States |
| -- | Navajo Indian Reservation. |
No items available.